Overwatch Characters without a gun - Statistics

General Stats
  • This quiz has been taken 30 times
  • The average score is 16 of 24
Answer Stats
Hint Answer % Correct
Damage Genji
80%
Damage Hanzo
80%
Damage Moira
80%
Tank Reinhardt
80%
Tank Winston
80%
Tank Zarya
80%
Support Brigitte
76%
Support Zenyatta
76%
Tank Doomfist
72%
Tank Ramattra
72%
Damage Anran
68%
Support Kiriko
68%
Support Lifeweaver
68%
Damage Symmetra
68%
Damage Mei
64%
Damage Mizuki
64%
Tank Sigma
64%
Damage Vendetta
60%
Support Wuyang
60%
Damage Echo
52%
Damage Jetpack Cat
44%
Tank Hazard
40%
Damage Freja
36%
Damage Pharah
36%
No matching quizzes found
Score Distribution
Percent of People with Each Score
Percentile by Number Answered
Your Score History
You have not taken this quiz